| 000 | 00570nam a2200217Ia 4500 | ||
|---|---|---|---|
| 003 | OSt | ||
| 005 | 20230602140211.0 | ||
| 008 | 210423s2011 xx 000 0 und d | ||
| 020 | _a81-7033-827-1 | ||
| 040 | _cAL | ||
| 041 | _aeng | ||
| 082 | _a305.42 KRAS | ||
| 100 |
_aKRAMER (Laura) _9119029 |
||
| 245 | _aSociology of gender: a brief introduction | ||
| 260 |
_aJaipur _bRawat Publications _c2011 |
||
| 300 |
_ax,223 _bHB |
||
| 365 |
_b675 _cINR |
||
| 650 |
_aWomen Studies _9119030 |
||
| 906 | _abrief ; gender: ; introduction ; Sociology | ||
| 942 |
_2ddc _cBK |
||
| 999 |
_c176514 _d176514 |
||